<?xml version="1.0" encoding="UTF-8"?>
<record
    xmlns:xsi="http://www.w3.org/2001/XMLSchema-instance"
    xsi:schemaLocation="http://www.loc.gov/MARC21/slim http://www.loc.gov/standards/marcxml/schema/MARC21slim.xsd"
    xmlns="http://www.loc.gov/MARC21/slim">

  <leader>02226    a2200229   4500</leader>
  <controlfield tag="001">52918</controlfield>
  <controlfield tag="005">20260407155803.0</controlfield>
  <controlfield tag="008">260407a1973    arg                 spa d</controlfield>
  <controlfield tag="003">AR-UNSa-BCEJYS</controlfield>
  <datafield tag="040" ind1=" " ind2=" ">
    <subfield code="a">AR-UNSa-BCEJYS</subfield>
    <subfield code="b">spa</subfield>
    <subfield code="c">AR-UNSa-BCEJYS</subfield>
  </datafield>
  <datafield tag="080" ind1=" " ind2=" ">
    <subfield code="a">330(8)</subfield>
    <subfield code="x">Econom&#xED;a de Am&#xE9;rica del Sur. Estados y Regiones de Am&#xE9;rica del Sur.
Am&#xE9;rica Latina. Iberoam&#xE9;rica
</subfield>
  </datafield>
  <datafield tag="245" ind1="1" ind2="0">
    <subfield code="a">La econom&#xED;a latinoamericana</subfield>
    <subfield code="p">una sintesis desde la conquista Ib&#xE9;rica hasta la revoluci&#xF3;n cubana</subfield>
  </datafield>
  <datafield tag="250" ind1=" " ind2=" ">
    <subfield code="a">3a. ed.</subfield>
  </datafield>
  <datafield tag="264" ind1=" " ind2="1">
    <subfield code="a">Santiago de Chile :</subfield>
    <subfield code="b">Universitaria</subfield>
    <subfield code="c">1973</subfield>
  </datafield>
  <datafield tag="300" ind1=" " ind2=" ">
    <subfield code="a">311 p.</subfield>
    <subfield code="c">23 cm.</subfield>
  </datafield>
  <datafield tag="505" ind1=" " ind2=" ">
    <subfield code="a">1. Introducci&#xF3;n, cuadro f&#xED;sico y evoluci&#xF3;n demogr&#xE1;fica - 2. Bases econ&#xF3;micas y sociales de la ocupaci&#xF3;n territorial - 3. La primera mitad del siglo XIX - 4. La transformaci&#xF3;n del comercio internacional en la segunda mitad del siglo XIX y sus efectos en Am&#xE9;rica Latina - 5. La reorientaci&#xF3;n de la econom&#xED;a internacional en el siglo actual - 6. Algunos indicadores del grado de desarrollo alcanzado en Am&#xE9;rica Latina  - 7. Caracter&#xED;sticas de las estructuras agrarias - 8. Distribuci&#xF3;n y uilizaci&#xF3;n de del ingreso social - 9. Los sistemas monetarios y cambiarios - 10. El proceso de industrializaci&#xF3;n: primera parte - 11.  El proceso de industrializaci&#xF3;n:sustituci&#xF3;n de importaciones - 12. Los desequilibrios provocados por la industrtializaci&#xF3;n sustitutiva de importaciones: la inflaci&#xF3;n estructural - 13. evoluci&#xF3;n de las estructuras macroecon&#xF3;micas - 14. El sector agropecuario - 15. El sector industrial - 16. Declinaci&#xF3;n en la tasa de crecimiento - 17. Las formas tradiconales de la dependencia externa - 18. Las nuevas formas de dependencia externa - 19. En busca de la reestructuraci&#xF3;n de la econom&#xED;a internacional - 20. El proceso de integraci&#xF3;n en Am&#xE9;rica Central - 21. La ALALC y el Grupo Andino - 22. Ensayos de planificaci&#xF3;n econ&#xF3;mica - 23. Las reformas agrarias - 24. Aspectos econ&#xF3;micos de la revoluci&#xF3;n Cubana - 25. Tendencias actuales y perspectivas</subfield>
  </datafield>
  <datafield tag="041" ind1=" " ind2=" ">
    <subfield code="a">spa</subfield>
  </datafield>
  <datafield tag="942" ind1=" " ind2=" ">
    <subfield code="c">BK</subfield>
  </datafield>
  <datafield tag="590" ind1=" " ind2=" ">
    <subfield code="a">niveau_biblio:m niveau_hierar:0</subfield>
  </datafield>
  <datafield tag="100" ind1="1" ind2=" ">
    <subfield code="a">Furtado, Celso</subfield>
  </datafield>
  <datafield tag="856" ind1="4" ind2="1">
    <subfield code="u">https://www.biblioeco.unsa.edu.ar/pmb/images/libros/L128355.jpg</subfield>
    <subfield code="y">Imagen de portada</subfield>
    <subfield code="q">image/jpeg</subfield>
  </datafield>
  <datafield tag="999" ind1=" " ind2=" ">
    <subfield code="c">5033</subfield>
    <subfield code="d">5033</subfield>
  </datafield>
  <datafield tag="952" ind1=" " ind2=" ">
    <subfield code="0">0</subfield>
    <subfield code="1">0</subfield>
    <subfield code="4">0</subfield>
    <subfield code="7">0</subfield>
    <subfield code="a">BCEJYS</subfield>
    <subfield code="b">BCEJYS</subfield>
    <subfield code="c">16</subfield>
    <subfield code="d">2026-04-07</subfield>
    <subfield code="l">0</subfield>
    <subfield code="o">330(8) F992 3ed.</subfield>
    <subfield code="p">L128355</subfield>
    <subfield code="r">2026-04-07 15:58:03</subfield>
    <subfield code="w">2026-04-07</subfield>
    <subfield code="y">L</subfield>
  </datafield>
</record>
